00412 2200157 4500001002100000008004100021035002000062245004900082100001900131260003700150300002000187082001100207650001000218990001300228990001300241INLIS000000000000457 ind  a0010-0322000457 aKATAK DAN KEDELAI SERTA CERITA LAINNYAcIKHA aDIDIK DJUNAEDI aJAKARTAbGADING INTI PRIMAc2015 a56 hlm.c25 cm. a398.24 aFABEL a102616-1 a102616-2